Rounding Quiz - Statistics

General Stats
  • This quiz has been taken 9 times
  • The average score is 16 of 20
Answer Stats
Hint Answer % Correct
3.1415926 3.14
100%
2.5825 2.58
89%
3.5821 3.58
89%
7.2852 7.29
89%
0.1934 0.19
78%
-0.567 -0.57
78%
1.04682 1.05
78%
-10.567 -10.57
78%
14.642457 14.64
78%
1.578465 1.58
78%
1598.3286 1598.33
78%
16.313 16.31
78%
-195.6294 -195.63
78%
2.994 2.99
78%
343.1875 343.19
78%
5.6835 5.68
78%
-6.133 -6.13
78%
6.7744 6.77
78%
6.7841 6.78
78%
-9.242 -9.24
78%
No matching quizzes found
Score Distribution
Percent of People with Each Score
Percentile by Number Answered
Your Score History
You have not taken this quiz